Fußball mit Lo - Statistiken

Allgemein
  • Dieses Quiz wurde 409 mal gespielt
  • Das Durchschnittsergebnis liegt bei 7 aus 14
Antwortstatistiken
Frage Antwort % Korrekt
Kapitän der Weltmeistermannschaft von 1990 Lothar Matthäus
97%
Verein, der zuletzt 2018 russischer Meister wurde Lokomotive Moskau
89%
Die Vereine Crystal Palace und Queens Park Rangers kommen aus dieser Stadt London
80%
Deutscher Torhüter, der im Champions-League-Finale 2018 keine gute Figur machte Loris Karius
80%
Spielten von 2016 bis 2019 in der 3. Liga: Sportfreunde ... Lotte
80%
Trainer, der u. a. 1995 mit Ajax die Champions League und 2010 mit Bayern München die Deutsche Meisterschaft gewann Louis van Gaal
57%
Spitzname, den sich der Torhüter René Higuita und der Trainer Marcelo Bielsa teilen: El ... Loco
53%
Er sang lange "Hamburg meine Perle" vor HSV-Heimspielen Lotto King Karl
39%
Mittelfeldspieler, der in den 90ern für Fortuna Köln und den 1. FC Köln spielte (Dirk ...) Lottner
34%
Spieler von Borussia Dortmund, der für den Ausruf „Gib mich die Kirsche!“ bekannt war Lothar Emmerich
29%
Stadion der SG Wattenscheid 09 Lohrheide
20%
Er schaffte als Trainer 1999 mit Unterhaching den Aufstieg in die Bundesliga Lorenz-Günther Köstner
18%
Verein, der 1987 das Finale des Europokals der Pokalsieger gegen Ajax verlor Lokomotive Leipzig
16%
Name der Diskothek, die Günter Netzer in Mönchengladbach betrieb Lovers Lane
5%
Keine übereinstimmenden Quizze gefunden
Verteilung der Resultate
Anzahl Personen mit jedem Resultat
Perzentil nach korrekt beantworteten Fragen
Ihre Resultats-Entwicklung
Sie haben dieses Quiz noch nicht gespielt